Vista normal
Vista MARC
Entrada Materia (personas)
Número de registros utilizados en: 1
001 - CONTROL NUMBER
- control field: 77882
003 - CONTROL NUMBER IDENTIFIER
- control field: Co-BoUCM
005 - DATE AND TIME OF LATEST TRANSACTION
- control field: 20160623075951.0
008 - FIXED-LENGTH DATA ELEMENTS
- fixed length control field: 160623|| aca||aabn | a|a d
040 ## - CATALOGING SOURCE
- Original cataloging agency: Co-BoUCM
- Transcribing agency: Co-BoUCM
100 ## - HEADING--PERSONAL NAME
- Personal name: Basker, Emek
- Dates associated with a name: 1970-
- Relator term: editor
670 ## - SOURCE DATA FOUND
- Source citation: Work cat.: (Co-BoUCM)303556: Handbook on the economics of retailing and distribution, 2016